000 00467nam a2200193Ia 4500
005 20230912094217.0
008 131103s9999 xx 000 0 und d
020 _a055381222X
040 _aLoreto College
041 _aEnglish
082 _aF
_bLEH
100 _aLehane, Dennis
245 _aMystic river
_cDennis Lehane
260 _aLondon
_bBantam Books
_c2002
300 _a527p, 17.5 cm.
650 _aFiction -Suspense
850 _aLCLIB
942 _cBK
999 _c2220
_d52699